000 00772nam a2200229 i 4500
001 102214
003 ES-MaACL
005 20260525062930.0
007 t|
008 051107s1945 sp ||||1| spa d
100 1 _aMenéndez Pidal, Ramón,
_d1869-1968
_980315
245 1 0 _aIdea imperial de Carlos V; La condesa traidora; El romanz del infant García; Adefonsus Imperator Toletanus /
_cRamón Menéndez Pidal.
260 _aMadrid :
_bEspasa-Calpe,
_c1945.
300 _a163 p. ;
_c18 cm.
490 1 _aColección austral ;
_v172
740 3 _aLa condesa traidora.
740 3 _aEl romanz del infant García.
740 0 _aAdefonsus Imperator Toletanus.
830 0 _aColección austral
_v172
_9177655
852 _aES-MaACL
_jC-4911
_bR.25673
999 _c102214
_d102214